| 000 | 00667pam a2200217 a 4500 | ||
|---|---|---|---|
| 020 | _a1559349247 (pbk. : alk. paper) | ||
| 040 | _cDLC | ||
| 082 | 0 | 0 | _a808 MAY 1999 A096 Or. |
| 245 | 0 | 0 | _aMotives for writing / |
| 250 | _a3rd ed. | ||
| 260 |
_aMountain View, Calif. : _bMayfield Pub. Co., _cc1999. |
||
| 300 |
_axxviii, 569 p. : _bill. ; _c24 cm. |
||
| 500 | _aIncludes indexes. | ||
| 650 | 0 | 0 | _aCollege readers. |
| 650 | 0 | _aReport writing | |
| 650 | 0 | 0 | _aEnglish language |
| 700 | 1 | _aMiller, Robert Keith, | |
| 856 | 4 | 2 | _uhttp://www.loc.gov/catdir/description/mh024/98048744.html |
| 856 | 4 | 1 | _uhttp://www.loc.gov/catdir/toc/mh023/98048744.html |
| 942 | _cEK | ||
| 999 |
_c13872 _d13872 |
||